Sport media and gender inequality
Uloženo v:
| Hlavní autor: | |
|---|---|
| Médium: | Text |
| Vydáno: |
London:
SAGE
|
| Témata: | |
| Tagy: |
Přidat tag
Žádné tagy, Buďte první, kdo vytvoří štítek k tomuto záznamu!
|
MARC
| LEADER | 00000 a a2200000 04500 | ||
|---|---|---|---|
| 001 | 32816 | ||
| 003 | |||
| 040 | |||
| 090 | |a 204500 | ||
| 100 | |a Speer, Susan A. | ||
| 245 | |a Sport media and gender inequality | ||
| 260 | |a London: |b SAGE | ||
| 300 | |a pp. 109-114 | ||
| 500 | |a Publicado en: Body & Society, vol 7 (1) 2001 | ||
| 650 | |a GENERO | ||
| 650 | |a DESIGUALDAD | ||
| 650 | |a DEPORTES | ||
| 650 | |a MEDIOS DE COMUNICACION | ||
| 650 | |a REPRESENTACION SOCIAL | ||
| 999 | |c 2519 |d 2519 | ||
